000 00548nmm a2200193Ia 4500
008 251105s9999||||xx |||||||||||||||||und||
020 _a9788416280209
041 _aspa
100 _aClément, Catherine
245 0 _aEl viaje de Teo
264 _a[Madrid, España] :
_bSiruela,
_c2010
300 _a576 páginas
490 _aLas tres edades
650 _aTeen & Young Adult Fiction
700 _aClément, Catherine
700 1 _a Suárez Girard, Anne-Hélène
856 _uhttps://public.digitaliapublishing.com/a/31663
942 _cCF
999 _c64049
_d64049